[Event "8.HK 61 aars Jubilaeumsturnering 2004"]
[Site "Farum"]
[Date "2004.10.15"]
[Round "6"]
[White "Nielsen, Marianne Izaura"]
[Black "Petersen, Peter Birk"]
[Result "0-1"]
[WhiteElo "1634"]
[BlackElo "2210"]
[PlyCount "70"]
[EventDate "2004.??.??"]

1. e4 c5 2. Nf3 e6 3. d4 cxd4 4. Nxd4 Nf6 5. Nc3 d6 6. Bd3 Be7 7. O-O O-O 8.
Qe2 Nbd7 9. Kh1 a6 10. Be3 Qc7 11. f4 b5 12. a3 Bb7 13. Bg1 Rfe8 14. Nb3 e5 15.
f5 Nc5 16. Qf2 Ncxe4 17. Nxe4 Nxe4 18. Qe1 Nf6 19. Rc1 Rac8 20. Qg3 d5 21. Be2
Ne4 22. Qg4 d4 23. Bf2 Nxf2+ 24. Rxf2 Bf6 25. Rff1 Qb6 26. Rfe1 e4 27. Qg3 Qd8
28. Red1 Qb6 29. Bg4 h6 30. h4 Red8 31. Bh5 Qc7 32. Qg4 Qe7 33. Qh3 Qe5 34. Re1
Qf4 35. Bg4 d3 0-1

[Event "8.HK 61 aars Jubilaeumsturnering 2004"]
[Site "Farum"]
[Date "2004.10.15"]
[Round "6"]
[White "Hein, Jacob"]
[Black "Ulrich, Jesper"]
[Result "0-1"]
[WhiteElo "1282"]
[BlackElo "2070"]
[PlyCount "76"]
[EventDate "2004.??.??"]

1. c4 Nf6 2. Nf3 e6 3. e3 d5 4. cxd5 exd5 5. Be2 Bd6 6. Nc3 c6 7. d3 O-O 8. Bd2
Re8 9. Rc1 Nbd7 10. Nb1 Nf8 11. Bc3 a6 12. a3 Bg4 13. Ng5 Bf5 14. Bh5 Nxh5 15.
Qxh5 Bg6 16. Qg4 h5 17. Qh4 Ne6 18. Nf3 Qxh4 19. Nxh4 Bxd3 20. Rd1 Bc4 21. Nd2
Bb5 22. Ndf3 g6 23. Rg1 Nc5 24. g4 hxg4 25. Rxg4 Nd3+ 26. Rxd3 Bxd3 27. Ng2 Re4
28. Rg5 Be7 29. Rg3 c5 30. Rh3 d4 31. Nxd4 cxd4 32. Bxd4 f6 33. Nf4 g5 34. Nxd3
Rd8 35. Nc5 Rdxd4 36. Nxb7 Rd5 37. a4 Rd7 38. Na5 Bb4+ 0-1

[Event "8.HK 61 aars Jubilaeumsturnering 2004"]
[Site "Farum"]
[Date "2004.10.15"]
[Round "6"]
[White "Mortensen, Henrik"]
[Black "Bostrup, Tomas Due"]
[Result "0-1"]
[WhiteElo "2030"]
[BlackElo "1623"]
[PlyCount "54"]
[EventDate "2004.??.??"]

1. e4 d6 2. d4 Nf6 3. Nc3 g6 4. g3 Bg7 5. Bg2 O-O 6. Nge2 c5 7. h3 Nc6 8. Be3
Nd7 9. O-O Rb8 10. a4 a6 11. f4 b5 12. axb5 axb5 13. e5 cxd4 14. Bxc6 dxc3 15.
Nxc3 dxe5 16. Ba7 exf4 17. Rxf4 Rb6 18. Bd5 Rf6 19. Rd4 Qc7 20. Ne4 Ra6 21.
Rxa6 Bxd4+ 22. Bxd4 Bxa6 23. Qd2 Bb7 24. Qh6 e5 25. Bc5 Ra8 26. Bd6 Ra1+ 27.
Kf2 Qxc2+ 0-1

[Event "8.HK 61 aars Jubilaeumsturnering 2004"]
[Site "Farum"]
[Date "2004.10.15"]
[Round "6"]
[White "Larsen, Thomas"]
[Black "Nilsson, Lars Kjoller"]
[Result "1-0"]
[WhiteElo "1856"]
[BlackElo "2074"]
[PlyCount "119"]
[EventDate "2004.??.??"]

1. e4 c5 2. Nc3 Nc6 3. f4 d6 4. Nf3 g6 5. d4 cxd4 6. Nxd4 Bg7 7. Nb3 Nf6 8. Be2
O-O 9. O-O Qc7 10. Be3 Be6 11. Bf3 Bc4 12. Re1 e6 13. Nd4 Rad8 14. Qd2 d5 15.
e5 Nd7 16. Rab1 Nxd4 17. Bxd4 Rc8 18. b3 Ba6 19. Rec1 b6 20. Na4 Bh6 21. Qe3
Nc5 22. Nb2 f6 23. g3 f5 24. c4 dxc4 25. Nxc4 Bxc4 26. Rxc4 Qd7 27. Rd1 Ne4 28.
Bxb6 Qb5 29. Rxc8 Rxc8 30. Rd8+ Rxd8 31. Bxd8 Bf8 32. Kg2 Bc5 33. Qe2 Qd7 34.
Ba5 Nf2 35. Qd2 Qxd2 36. Bxd2 Nd3 37. Bc6 Kf7 38. Kf3 Nb4 39. Bb7 Nxa2 40. Be3
Bxe3 41. Kxe3 Nb4 42. Kd4 a5 43. Kc5 Nd3+ 44. Kb5 g5 45. fxg5 Nxe5 46. Kxa5 Nd3
47. Ba6 Nc5 48. b4 Nxa6 49. Kxa6 e5 50. Kb5 Kg6 51. Kc4 Kxg5 52. b5 f4 53. b6
f3 54. Kd3 Kg4 55. Ke3 e4 56. b7 Kh3 57. b8=Q Kg2 58. Qb2+ Kg1 59. Qf2+ Kh1 60.
Kxe4 1-0

[Event "8.HK 61 aars Jubilaeumsturnering 2004"]
[Site "Farum"]
[Date "2004.10.15"]
[Round "6"]
[White "Pedersen, Jens Kornbaek"]
[Black "Hansen, Torben Elleby"]
[Result "1-0"]
[WhiteElo "1364"]
[BlackElo "1583"]
[PlyCount "93"]
[EventDate "2004.??.??"]

1. c4 e6 2. d4 c5 3. Nf3 Nf6 4. Nc3 cxd4 5. Nxd4 Bc5 6. e4 Qb6 7. Na4 Qd6 8.
Nb5 Bxf2+ 9. Ke2 Qxd1+ 10. Kxd1 Na6 11. Nd6+ Ke7 12. e5 Ng4 13. Bf4 Bd4 14. Ke1
Nf2 15. Nb5 Bxb2 16. Nxb2 Nxh1 17. Bd3 Nb4 18. Ke2 a6 19. Nc3 Nxd3 20. Nxd3 b6
21. Rxh1 Bb7 22. Kf2 Rac8 23. Nb2 b5 24. Rf1 h6 25. Kg1 bxc4 26. Bg3 Rhg8 27.
Bf2 f6 28. Nba4 fxe5 29. Bc5+ d6 30. Ba3 Rgf8 31. Rd1 Rfd8 32. Nb6 Rc6 33. Rb1
Kf6 34. Ne4+ Kf5 35. Ng3+ Kg6 36. Nxc4 Rxc4 37. Rxb7 d5 38. Rb6 Ra4 39. Rxe6+
Kf7 40. Re7+ Kf6 41. Bc5 Rxa2 42. Nh5+ Kg6 43. g4 Kg5 44. Rxg7+ Kh4 45. Be7+
Kh3 46. Bxd8 e4 47. Nf4# 1-0

[Event "8.HK 61 aars Jubilaeumsturnering 2004"]
[Site "Farum"]
[Date "2004.10.15"]
[Round "6"]
[White "Christoffersen, Eskild"]
[Black "Forsmann, Henning"]
[Result "1-0"]
[WhiteElo "1489"]
[BlackElo "1631"]
[PlyCount "81"]
[EventDate "2004.??.??"]

1. e4 c5 2. Nf3 Nc6 3. d4 cxd4 4. Nxd4 Nf6 5. Nc3 d6 6. Be2 e5 7. Nb3 Be7 8.
Be3 Be6 9. O-O O-O 10. f3 a6 11. Nd5 Bxd5 12. exd5 Nb4 13. c4 a5 14. Nd2 Nd7
15. a3 Na6 16. Rb1 f5 17. b4 b6 18. Rb3 Bf6 19. Qc2 g6 20. g4 Bg7 21. Bd3 fxg4
22. fxg4 Rxf1+ 23. Nxf1 Qh4 24. Qg2 axb4 25. axb4 Nc7 26. Qg3 Qf6 27. g5 Qf7
28. Nd2 Ra1+ 29. Rb1 Ra2 30. Rf1 Qe7 31. Ne4 Na6 32. Rb1 Nc7 33. h4 Ne8 34. c5
bxc5 35. bxc5 dxc5 36. Bc4 Nd6 37. Bxa2 Bf8 38. Qg4 Kg7 39. Nxd6 Qxd6 40. Qe6
Qc7 41. d6 1-0

[Event "8.HK 61 aars Jubilaeumsturnering 2004"]
[Site "Farum"]
[Date "2004.10.15"]
[Round "6"]
[White "Olsen, Ole"]
[Black "Lavrsen, Frands Winther"]
[Result "0-1"]
[WhiteElo "1324"]
[BlackElo "1778"]
[PlyCount "86"]
[EventDate "2004.??.??"]

1. e4 c6 2. Bc4 d5 3. exd5 cxd5 4. Bb3 Nf6 5. Nf3 Bg4 6. h3 Bh5 7. d4 e6 8. Bg5
Be7 9. g4 Bg6 10. Nbd2 Nc6 11. Ba4 O-O 12. c3 Ne4 13. Bxe7 Qxe7 14. Bc2 Na5 15.
Nxe4 Bxe4 16. Bxe4 dxe4 17. Nd2 f5 18. Qe2 Rac8 19. O-O Qh4 20. Kh2 Rf6 21. Qe3
Rh6 22. gxf5 exf5 23. Qg3 Qh5 24. Rg1 g5 25. Kg2 Re8 26. Rae1 Qf7 27. Kf1 Rg6
28. b3 Qd5 29. Qe3 h6 30. Qe2 Rge6 31. Qd1 f4 32. Qg4 e3 33. Qf3 Qb5+ 34. c4
Qb4 35. Nb1 exf2 36. Rxe6 fxg1=Q+ 37. Kxg1 Rxe6 38. Nc3 Qe7 39. Kf2 Kg7 40. Nd5
Qd6 41. Qg4 Nc6 42. h4 Rg6 43. h5 Re6 0-1

[Event "8.HK 61 aars Jubilaeumsturnering 2004"]
[Site "Farum"]
[Date "2004.10.16"]
[Round "7"]
[White "Fries Nielsen, Jens Ove"]
[Black "Petersen, Peter Birk"]
[Result "1-0"]
[WhiteElo "2379"]
[BlackElo "2210"]
[PlyCount "81"]
[EventDate "2004.??.??"]

1. d4 Nf6 2. Nf3 e6 3. Bg5 c5 4. Nc3 cxd4 5. Qxd4 Nc6 6. Qh4 Be7 7. e4 d6 8.
O-O-O Qa5 9. Kb1 a6 10. Nd2 b5 11. f4 Bb7 12. Bd3 h6 13. Qh3 Nb4 14. Nb3 Qc7
15. Rc1 Kf8 16. Bh4 Kg8 17. g4 Qd7 18. Rhg1 Nxd3 19. cxd3 b4 20. Ne2 a5 21. Nd2
Ne8 22. Bxe7 Qxe7 23. Qe3 Kh7 24. g5 hxg5 25. Rxg5 Kg8 26. Qg3 a4 27. Nd4 Rh7
28. Nc4 a3 29. b3 Rc8 30. Re1 f6 31. Rg6 Qf7 32. f5 e5 33. Ne6 d5 34. Nb6 Rc3
35. Nxd5 Bxd5 36. exd5 Qa7 37. Rg1 e4 38. Qf4 Rxd3 39. Qxe4 Rd2 40. Qxb4 Rb2+
41. Ka1 1-0

[Event "8.HK 61 aars Jubilaeumsturnering 2004"]
[Site "Farum"]
[Date "2004.10.16"]
[Round "7"]
[White "Bostrup, Tomas Due"]
[Black "Hove, Esben Kjems"]
[Result "0-1"]
[WhiteElo "1623"]
[BlackElo "2300"]
[PlyCount "70"]
[EventDate "2004.??.??"]

1. d4 Nf6 2. c4 e6 3. e3 b6 4. Nc3 Bb7 5. Nf3 d5 6. cxd5 exd5 7. Bd3 Nbd7 8.
O-O Be7 9. a3 c5 10. Re1 Ne4 11. Qc2 f5 12. Nd2 Bd6 13. Ndxe4 fxe4 14. Nxe4
dxe4 15. Bxe4 Qc7 16. Bxb7 Qxb7 17. Bd2 O-O 18. b4 cxd4 19. exd4 Qd5 20. Qa2
Qxa2 21. Rxa2 Rae8 22. Raa1 Rxe1+ 23. Rxe1 Rc8 24. Rc1 Rxc1+ 25. Bxc1 Kf7 26.
f4 Ke6 27. Kf2 Kd5 28. Ke3 Nf6 29. Kd3 Ng4 30. h3 Nf2+ 31. Ke3 Bxf4+ 32. Kxf4
Nd3+ 33. Kf5 Nxc1 34. g4 Ne2 35. h4 Nxd4+ 0-1

[Event "8.HK 61 aars Jubilaeumsturnering 2004"]
[Site "Farum"]
[Date "2004.10.16"]
[Round "7"]
[White "Damm, Kasper Wilken"]
[Black "Pedersen, Henrik Bolding"]
[Result "1/2-1/2"]
[WhiteElo "2238"]
[BlackElo "2235"]
[PlyCount "56"]
[EventDate "2004.??.??"]

1. c4 c5 2. g3 g6 3. Bg2 Bg7 4. Nc3 Nc6 5. d3 d6 6. e3 e5 7. Nge2 Nge7 8. O-O
O-O 9. a3 a5 10. Rb1 Rb8 11. Bd2 Be6 12. Nd5 b5 13. Nxe7+ Nxe7 14. cxb5 Rxb5
15. b4 axb4 16. axb4 cxb4 17. Rxb4 Qb8 18. Qa4 Rxb4 19. Bxb4 Bd5 20. e4 Bc6 21.
Qa3 Rd8 22. Nc3 Bf8 23. Rb1 Qa8 24. Qxa8 Bxa8 25. Ba5 Rc8 26. Bh3 f5 27. g4 Nc6
28. Bb6 Nd4 1/2-1/2

[Event "8.HK 61 aars Jubilaeumsturnering 2004"]
[Site "Farum"]
[Date "2004.10.16"]
[Round "7"]
[White "Nielsen, Nicholas Roland"]
[Black "Andersen, Rune"]
[Result "1-0"]
[WhiteElo "2169"]
[BlackElo "2054"]
[PlyCount "45"]
[EventDate "2004.??.??"]

1. e4 c5 2. Nf3 Nc6 3. d4 cxd4 4. Nxd4 g6 5. Be3 Nf6 6. Nc3 Bg7 7. Bc4 O-O 8.
Bb3 d6 9. f3 Bd7 10. Qd2 Nxd4 11. Bxd4 b5 12. a4 bxa4 13. Bxa4 Bxa4 14. Rxa4
Qd7 15. O-O Rfc8 16. Rfa1 Rc7 17. Bxf6 exf6 18. Ra6 Rd8 19. Qf2 Ra8 20. Nd5 f5
21. Nxc7 Qxc7 22. Rxa7 Rxa7 23. Rxa7 1-0

[Event "8.HK 61 aars Jubilaeumsturnering 2004"]
[Site "Farum"]
[Date "2004.10.16"]
[Round "7"]
[White "Ulrich, Jesper"]
[Black "Larsen, Thomas"]
[Result "1/2-1/2"]
[WhiteElo "2070"]
[BlackElo "1856"]
[PlyCount "81"]
[EventDate "2004.??.??"]

1. d4 e6 2. c4 f5 3. g3 Nf6 4. Bg2 d5 5. Nf3 c6 6. O-O Bd6 7. Qc2 O-O 8. b3 Qe7
9. Bb2 Ne4 10. Ne5 Nd7 11. f3 Nxe5 12. fxe4 Ng4 13. e5 Bb4 14. Qd3 Qg5 15. Bc1
Qh5 16. h3 Nh6 17. Qf3 Qg6 18. a3 Be7 19. Nc3 Bd7 20. c5 b6 21. b4 Nf7 22. Bd2
bxc5 23. bxc5 Rfb8 24. Rfb1 h5 25. Rb4 Bd8 26. Na4 Ng5 27. Qb3 Bc7 28. Rb1 Ne4
29. Bxe4 fxe4 30. Qe3 Rxb4 31. axb4 Qf5 32. Kg2 Rf8 33. Qf4 Qg6 34. Qe3 Qf5 35.
Ra1 Bc8 36. Nc3 Ba6 37. Qf4 Qg6 38. Qe3 Qf5 39. Qf4 Qg6 40. Qg5 Qf7 41. Qf4
1/2-1/2

[Event "8.HK 61 aars Jubilaeumsturnering 2004"]
[Site "Farum"]
[Date "2004.10.16"]
[Round "7"]
[White "Christoffersen, Eskild"]
[Black "Nielsen, Marianne Izaura"]
[Result "0-1"]
[WhiteElo "1489"]
[BlackElo "1634"]
[PlyCount "50"]
[EventDate "2004.??.??"]

1. e4 c5 2. Nf3 Nc6 3. d4 cxd4 4. Nxd4 Nf6 5. Nc3 e5 6. Nf3 Bb4 7. Bd2 Bxc3 8.
Bxc3 Nxe4 9. Qd5 Nxc3 10. bxc3 O-O 11. Bc4 d6 12. O-O Be6 13. Qd3 e4 14. Qxe4
d5 15. Bxd5 Bxd5 16. Qf4 Bxf3 17. gxf3 Re8 18. Rab1 Re7 19. Rfd1 Qc7 20. h3
Rae8 21. Qg3 Qxg3+ 22. fxg3 b6 23. Kf1 g6 24. g4 Na5 25. Rd4 Rc8 0-1

[Event "8.HK 61 aars Jubilaeumsturnering 2004"]
[Site "Farum"]
[Date "2004.10.16"]
[Round "7"]
[White "Mortensen, Henrik"]
[Black "Pedersen, Jens Kornbaek"]
[Result "1-0"]
[WhiteElo "2030"]
[BlackElo "1364"]
[PlyCount "61"]
[EventDate "2004.??.??"]

1. e4 c5 2. Ne2 Nc6 3. c4 g6 4. d4 cxd4 5. Nxd4 Bg7 6. Be3 e6 7. Nc3 a6 8. g3
Nge7 9. Bg2 Ne5 10. b3 Qa5 11. Rc1 O-O 12. O-O b6 13. Na4 b5 14. Bd2 b4 15. Be1
Bb7 16. Nc2 N7c6 17. a3 Qc7 18. f4 Nxc4 19. bxc4 a5 20. axb4 axb4 21. Nxb4 Ne7
22. c5 f5 23. Nb6 Rad8 24. e5 Nc8 25. Bf2 Bxg2 26. Kxg2 Nxb6 27. cxb6 Qb7+ 28.
Qf3 Qxf3+ 29. Kxf3 d6 30. exd6 Rxd6 31. Bc5 1-0

[Event "8.HK 61 aars Jubilaeumsturnering 2004"]
[Site "Farum"]
[Date "2004.10.16"]
[Round "7"]
[White "Lavrsen, Frands Winther"]
[Black "Hein, Jacob"]
[Result "1-0"]
[WhiteElo "1778"]
[BlackElo "1282"]
[PlyCount "111"]
[EventDate "2004.??.??"]

1. f4 e5 2. fxe5 d6 3. exd6 Bxd6 4. Nf3 Bg4 5. g3 h5 6. d4 Bxf3 7. exf3 c5 8.
Bb5+ Nd7 9. O-O h4 10. Re1+ Ne7 11. dxc5 Bxc5+ 12. Be3 Bxe3+ 13. Rxe3 hxg3 14.
hxg3 Qc7 15. Qxd7+ Qxd7 16. Bxd7+ Kxd7 17. Na3 Rh6 18. Rd1+ Rd6 19. Rxd6+ Kxd6
20. Nc4+ Kd7 21. Ne5+ Ke8 22. Rd3 f6 23. Nc4 Kf7 24. Nd6+ Kg6 25. Nxb7 Rb8 26.
Rd7 Nc6 27. Rc7 Nd4 28. Kf2 Re8 29. Nd6 Re2+ 30. Kf1 a5 31. Rc4 Rd2 32. Ne4
Rd1+ 33. Kf2 Ne6 34. Nc5 Nd4 35. Nb3 Nxb3 36. cxb3 Rd2+ 37. Ke3 Rxb2 38. Ra4
Rc2 39. Rxa5 Rc3+ 40. Kf4 Kh6 41. Kg4 g6 42. f4 f5+ 43. Kh3 Kh5 44. Ra8 Kh6 45.
b4 Rc1 46. b5 Rh1+ 47. Kg2 Rb1 48. a4 Rb2+ 49. Kf3 Rb3+ 50. Ke2 Rb2+ 51. Ke3
Rb3+ 52. Kd4 Rxg3 53. b6 Rf3 54. Ke5 Re3+ 55. Kf6 Kh5 56. b7 1-0

[Event "8.HK 61 aars Jubilaeumsturnering 2004"]
[Site "Farum"]
[Date "2004.10.16"]
[Round "7"]
[White "Hansen, Torben Elleby"]
[Black "Forsmann, Henning"]
[Result "1/2-1/2"]
[WhiteElo "1583"]
[BlackElo "1631"]
[PlyCount "47"]
[EventDate "2004.??.??"]

1. e4 c5 2. c3 g6 3. f4 Bg7 4. Nf3 d6 5. d4 cxd4 6. cxd4 Nf6 7. Nc3 O-O 8. Bd3
Nc6 9. b3 Qa5 10. Bb2 Nh5 11. f5 Nxd4 12. Nxd4 Bxd4 13. Rc1 Qe5 14. g4 Nf4 15.
Bb1 e6 16. Qf3 exf5 17. Rf1 Ne6 18. gxf5 Nc5 19. fxg6 hxg6 20. Rd1 Be6 21. Rxd4
Qxd4 22. Na4 Qb4+ 23. Bc3 Qa3 24. Bb2 1/2-1/2

[Event "8.HK 61 aars Jubilaeumsturnering 2004"]
[Site "Farum"]
[Date "2004.10.16"]
[Round "7"]
[White "Nilsson, Lars Kjoller"]
[Black "Olsen, Ole"]
[Result "1-0"]
[WhiteElo "2074"]
[BlackElo "1324"]
[PlyCount "37"]
[EventDate "2004.??.??"]

1. e4 e5 2. Nf3 Nf6 3. d4 exd4 4. Bc4 h6 5. e5 Bb4+ 6. c3 dxc3 7. bxc3 Qe7 8.
O-O Bxc3 9. Nxc3 Nh7 10. Nb5 Qc5 11. Qb3 O-O 12. Ba3 Qb6 13. Bxf8 Kxf8 14. Bxf7
a6 15. Bg8 Qg6 16. Nh4 Qe8 17. Nxc7 Ng5 18. Nxe8 Kxe8 19. f4 1-0